Comercio, tipificación y standarización de granos : guía para la compra-venta, entrega y liquidación /

Guardado en:
Autor Principal: Palau, Alfredo
Formato: Libro
Publicado: Buenos Aires : Sudamericana, 1942
Materias:
Etiquetas: Agregar Etiqueta
Sin Etiquetas, Sea el primero en etiquetar este registro!
LEADER 01212nam a22002175a 4500
001 CEM.cems004861
005 20060217000000.0
008 130507s1942##################000#0#####d
003 CEMS
082 0 4 |a 338.17 
100 1 |a Palau, Alfredo 
245 1 0 |a Comercio, tipificación y standarización de granos :  |b guía para la compra-venta, entrega y liquidación / 
260 |a Buenos Aires :  |b Sudamericana,  |c 1942 
300 |a 237 p. 
505 0 |a El mercado mundial: Oferta y demanda mundiales, Caracteristicas del mercado, Competencia y precios, Canales de distribución, Acceso al mercado; Recomendaciónes: Calidad, Almacenamiento, Envasado, Comercialización para la exportación, Cooperación con organizaciónes internaciónales; Principales mercados; Apendices: 1. Derechos de aduana de la CEE; 2. Directiva adoptada por el Consejo de la CEE sobre la legislación de los Estados Miembros sobre la miel 
653 |a Cereales-comercializacion 
653 |a Forrajeras-comercializacion 
653 |a Oleaginosas-comercializacion 
653 |a Productos agricolas-comerciali 
859 |a CEMS  |b BIB. CEMS - 11 de abril  |h 338.17  |i P172  |p 13745.85  |t Ej.2 
859 |a CEMS  |b BIB. CEMS - 11 de abril  |h 338.17  |i P172  |p 6359.78  |t Ej.1